000
00332nam a2200145Ia 4500
008
150201s2006 xx 000 0 und d
082
_a
617
_b
E06C
100
_a
CLARK, ORLO
245
_a
TB. OF ENDOCRINE SURGERY
250
_a
2ND
260
_b
ELSEVIER
_a
PHILADPHIA
_c
2006
300
_a
1-828
650
_a
SURGERY
942
_2
ddc
_c
BK
999
_c
235
_d
235